=LDR 00000nam 2200000 4500 =001 INLIS000000000061028 =005 20220603085903 =035 ##$$a 0010-0622000018 =007 ta =008 220603###########################0#ind## =020 ##$$a 978-602-02-6757-9 =082 ##$$a 153.8 =084 ##$$a 153.8 Mar m =100 #$$a Martga Bella Rahimi, S.KED =245 1#$$a Mahasiswa 1/2 dewa : $b Saatnya menghidupkan impian =260 ##$$a Jakarta :$b Elex Media komputindo,$c 2015 =300 ##$$a 139 halaman : $b ilustrasi ; $c 21 cm =650 #4$$a Motivasi =990 ##$$a 20562056